| 000 | 01699nam a22003017a 4500 | ||
|---|---|---|---|
| 005 | 20120116105026.0 | ||
| 010 | _aENG-104728 B-489512-514 | ||
| 020 |
_a9781259002748 _c395.00 |
||
| 035 | _aEN-88261 B-489512-514 | ||
| 037 | _bDBAD/PUB | ||
| 037 | _bAllied Pub/Ven | ||
| 082 | 0 | 0 |
_a004.16 _220 |
| 100 | 1 |
_aTabak, Daniel, _d1934- _955041 |
|
| 245 | 1 | 0 |
_aAdvanced microprocessors / _cby Daniel Tabak |
| 250 | _a2nd ed | ||
| 260 |
_aNew Delhi _bTata McGraw-Hill _c2012 |
||
| 270 |
_a7 West Patel Nagar _bNew Delhi _e110001 |
||
| 300 |
_avarious pagings : _bill. _c23cm(pbk) |
||
| 500 | _aIncludes bibliographical references and index. | ||
| 650 | 0 |
_aMicroprocessors. _955042 |
|
| 942 |
_2ddc _cEN _h004.16 _mTAB |
||
| 999 |
_c60926 _d60926 |
||